[Event "SV Empor Erfurt-SG Porz 47"]
[Site "?"]
[Date "2007.12.30"]
[Round "7.3"]
[White "Sabirov, Ramil"]
[Black "Allin, Alexander"]
[Result "1-0"]
[WhiteElo "1147"]
[BlackElo "1233"]
[PlyCount "117"]
[EventDate "2007.??.??"]

1. e4 e5 2. d4 exd4 3. Qxd4 Nc6 4. Qe3 Nf6 5. Nc3 Bb4 6. Bd2 O-O 7. Qg3 Bxc3 8.
Bxc3 Re8 9. f3 d6 10. O-O-O a6 11. Ne2 Re6 12. Nf4 Re7 13. Nd5 Re6 14. Bxf6
Rxf6 15. Nxf6+ Qxf6 16. f4 Nb4 17. Kb1 Qe6 18. Qb3 a5 19. Bc4 Qe7 20. Rhe1 Be6
21. Bxe6 Qxe6 22. Qxe6 fxe6 23. Rd2 a4 24. Red1 a3 25. b3 Ra6 26. Rd4 Rb6 27.
Rf1 c5 28. Rd2 Rc6 29. f5 e5 30. f6 g6 31. f7+ Kf8 32. Rdf2 b5 33. Rf6 Na6 34.
Rd1 Nb8 35. Rfxd6 Rxd6 36. Rxd6 Kxf7 37. Rb6 Nd7 38. Rxb5 Nf6 39. Rxc5 Nxe4 40.
Rxe5 Nc3+ 41. Ka1 Nd1 42. c4 Nf2 43. c5 Ng4 44. c6 Nxe5 45. c7 Kg7 46. c8=Q Kh6
47. h4 Ng4 48. Qxg4 Kg7 49. Kb1 Kf7 50. Kc2 Ke7 51. Kc3 Kd6 52. Kd4 Kc6 53. Qg5
Kb6 54. Qc5+ Kb7 55. Qd6 h6 56. Kc5 g5 57. Qd7+ Ka6 58. Qc7 gxh4 59. Qb6# 1-0

[Event "SV Stuttgart-Wolfbusch-LSV Turm Lippsta"]
[Site "?"]
[Date "2007.12.30"]
[Round "7.1"]
[White "Tran, Duc Cuong"]
[Black "Schnorr, Christian"]
[Result "1-0"]
[WhiteElo "1709"]
[BlackElo "1569"]
[PlyCount "113"]
[EventDate "2007.??.??"]

1. e4 c5 2. c4 a6 3. Nc3 b6 4. Nge2 d6 5. g3 e6 6. Bg2 Bb7 7. O-O Qc7 8. d3 Be7
9. h3 h5 10. a3 Nf6 11. Be3 Nc6 12. Rb1 Rd8 13. f4 h4 14. g4 Bc8 15. Qe1 g6 16.
Qf2 Kf8 17. b4 Kg7 18. b5 axb5 19. Nxb5 Qd7 20. e5 dxe5 21. Bxc6 Qxc6 22. fxe5
Kg8 23. exf6 Bb7 24. Qf3 Qxf3 25. Rxf3 Bxf3 26. fxe7 Re8 27. Bg5 Bxe2 28. Nc7
Rxe7 29. Bxe7 Bxd3 30. Rxb6 Be4 31. Rb8+ Kh7 32. Rxh8+ Kxh8 33. Bxc5 Bd3 34.
Nb5 Kg7 35. Nc3 f5 36. g5 e5 37. a4 Kf7 38. a5 Bxc4 39. Bf2 Ke6 40. Bxh4 f4 41.
Bf2 Kf5 42. h4 e4 43. Kg2 e3 44. Bxe3 fxe3 45. Kf3 Ba6 46. Kxe3 Kg4 47. Ne4
Kxh4 48. Kf4 Kh5 49. Ke5 Bb7 50. Nc5 Ba8 51. Kf6 Bc6 52. a6 Bh1 53. a7 Bc6 54.
Ne6 Bb7 55. Nc7 Bc6 56. a8=Q Bxa8 57. Nxa8 1-0

[Event "SF Baiertal-Schatthausen-Wilhelmshavene"]
[Site "?"]
[Date "2007.12.30"]
[Round "7.2"]
[White "Müller, Maiko"]
[Black "Neumann, Florian"]
[Result "1-0"]
[WhiteElo "1208"]
[BlackElo "1242"]
[PlyCount "57"]
[EventDate "2007.??.??"]

1. e4 d5 2. exd5 Qxd5 3. Nc3 Qa5 4. d4 Nf6 5. Nf3 Bf5 6. Bc4 c6 7. O-O e6 8.
Re1 Be7 9. Nh4 Bg4 10. Qd3 O-O 11. h3 Bh5 12. Qg3 Kh8 13. f4 Bd6 14. Qf2 Bg6
15. Nxg6+ fxg6 16. Rxe6 Bb4 17. Re5 Qc7 18. f5 Nbd7 19. Re6 Rae8 20. fxg6 Ng4
21. Bf4 Rxe6 22. Bxc7 Nxf2 23. Bxe6 Bxc3 24. bxc3 Nb6 25. Bxb6 axb6 26. Rf1
Nxh3+ 27. Bxh3 Rxf1+ 28. Kxf1 hxg6 29. Bc8 1-0

[Event "SF Baiertal-Schatthausen-Wilhelmshavene"]
[Site "?"]
[Date "2007.12.30"]
[Round "7.4"]
[White "Kurtz, Selina"]
[Black "Großklaus, Igor"]
[Result "0-1"]
[WhiteElo "838"]
[BlackElo "1191"]
[PlyCount "72"]
[EventDate "2007.??.??"]

1. e4 e5 2. Nf3 Nc6 3. Nc3 Nf6 4. Bb5 a6 5. Ba4 Bc5 6. d3 O-O 7. Bg5 Be7 8. Nd5
Nxd5 9. Bxe7 Ndxe7 10. Bxc6 dxc6 11. Nxe5 Ng6 12. Qh5 Qd4 13. Nc4 b5 14. Nd2
Qxb2 15. O-O Qxc2 16. Nf3 Qxd3 17. Ng5 h6 18. Rad1 Qc3 19. Nf3 Nf4 20. Qe5 Qxe5
21. Nxe5 Re8 22. Nxc6 Rxe4 23. Rfe1 Rxe1+ 24. Rxe1 Bb7 25. Ne7+ Kf8 26. g3 Re8
27. gxf4 Rxe7 28. Kf1 Bg2+ 29. Kg1 Rxe1+ 30. Kxg2 c5 31. f3 Re2+ 32. Kg3 c4 33.
h3 c3 34. f5 c2 35. Kg4 c1=Q 36. Kg3 Qg5# 0-1

[Event "SV Unterkochen-SV Empor Berlin"]
[Site "?"]
[Date "2007.12.30"]
[Round "7.2"]
[White "Basaran, Mehmet"]
[Black "Moritz, Aron"]
[Result "0-1"]
[WhiteElo "865"]
[BlackElo "1646"]
[PlyCount "110"]
[EventDate "2007.??.??"]

1. e4 c5 2. Nf3 d6 3. Nc3 Nc6 4. d3 Nf6 5. Be2 g6 6. O-O Bg7 7. h3 a6 8. Be3 b5
9. Qd2 O-O 10. Nd1 Bb7 11. Bh6 Qb6 12. Bxg7 Kxg7 13. c3 e6 14. d4 cxd4 15. cxd4
Nxe4 16. Qe3 Ne7 17. Nd2 Nf5 18. Qd3 Nxd2 19. Qxd2 Nxd4 20. Re1 e5 21. Kh1 Qc6
22. f3 Qc2 23. Qe3 Rac8 24. f4 Qc6 25. Bf1 Qd7 26. Bd3 Nc2 27. Bxc2 Rxc2 28.
Re2 Rxe2 29. Qxe2 Qxh3+ 30. Kg1 Qg3 31. fxe5 Re8 32. Rc1 Rxe5 33. Rc3 Rxe2 34.
Rxg3 Re1+ 35. Kf2 Rxd1 36. Ke2 Rb1 37. b3 Rb2+ 38. Kd1 Rxa2 39. Ke1 Rxg2 40.
Rxg2 Bxg2 41. Kd2 h5 42. Kc3 h4 43. Kb4 h3 44. Ka5 h2 45. Kxa6 h1=Q 46. Kxb5
Bc6+ 47. Kb4 Qe4+ 48. Kc3 Bb5 49. Kb2 Qb4 50. Kc2 d5 51. Kb2 d4 52. Kc2 d3+ 53.
Kc1 Qc3+ 54. Kd1 Qc2+ 55. Ke1 Qe2# 0-1

[Event "SF Köln-Mülheim-SC Forchheim"]
[Site "?"]
[Date "2007.12.30"]
[Round "7.3"]
[White "Stephan, Michael"]
[Black "Eigemann, Julian"]
[Result "1/2-1/2"]
[WhiteElo "1726"]
[BlackElo "1508"]
[PlyCount "47"]
[EventDate "2007.??.??"]

1. e4 d5 2. exd5 Qxd5 3. Nc3 Qa5 4. Bc4 Nf6 5. d3 c6 6. Bd2 Qc7 7. Qe2 Bf5 8.
Nf3 e6 9. Nd4 Be7 10. Nxf5 exf5 11. Bb3 O-O 12. h3 Re8 13. O-O Ba3 14. Qf3 Bxb2
15. Rab1 Ba3 16. Qxf5 Qe5 17. Qxe5 Rxe5 18. Rfe1 Rxe1+ 19. Rxe1 Nbd7 20. Ne4
Re8 21. Ng5 Rf8 22. Kf1 a6 23. Ne4 Re8 24. f3 1/2-1/2

[Event "SC Reti Heusweiler-TuS Makkabi Berlin"]
[Site "?"]
[Date "2007.12.30"]
[Round "7.2"]
[White "Holle, Eric"]
[Black "Davydov, Ruven"]
[Result "1/2-1/2"]
[WhiteElo "1340"]
[BlackElo "1747"]
[PlyCount "67"]
[EventDate "2007.??.??"]

1. e4 c5 2. Nc3 e6 3. f4 d5 4. Nf3 Nc6 5. d3 Nf6 6. Bd2 d4 7. Ne2 Be7 8. e5 Nd5
9. c3 dxc3 10. Nxc3 O-O 11. Be2 b6 12. O-O Bb7 13. a3 Qd7 14. Qa4 Rfd8 15. d4
Nxc3 16. Bxc3 Nxd4 17. Qxd7 Nxe2+ 18. Kf2 Rxd7 19. Kxe2 Rad8 20. Rf2 Ba6+ 21.
Ke1 b5 22. Rc2 Bb7 23. Ba5 Rc8 24. Kf2 Bxf3 25. Kxf3 Bd8 26. Bxd8 Rdxd8 27.
Rac1 Rd5 28. g3 c4 29. Rc3 Rcd8 30. R1c2 Kf8 31. Ke3 Ke7 32. Ke4 Rd3 33. Rxd3
Rxd3 34. Re2 1/2-1/2

[Event "SC Einheit Bautzen-BSG Chemie Leipzig"]
[Site "?"]
[Date "2007.12.30"]
[Round "7.4"]
[White "Röpke, Markus"]
[Black "Schmücker, Felix"]
[Result "1/2-1/2"]
[WhiteElo "1138"]
[BlackElo "1077"]
[PlyCount "74"]
[EventDate "2007.??.??"]

1. e4 d5 2. exd5 Nf6 3. Nc3 Nxd5 4. Bc4 Nb6 5. Bb3 Nc6 6. Qf3 e6 7. Nge2 Bc5 8.
O-O O-O 9. d3 Bd7 10. Qg4 e5 11. Qg3 Qf6 12. Be3 Nd4 13. Nxd4 exd4 14. Ne4 Qc6
15. Nxc5 dxe3 16. Qxe3 Rfe8 17. Qd4 Rad8 18. Rfe1 Rf8 19. Re7 Be6 20. Qc3 Bxb3
21. Nxb3 Qxc3 22. bxc3 Nd5 23. Re5 Nxc3 24. Rc5 Nd5 25. c4 Nb4 26. Rxc7 Rxd3
27. Nc5 Rd2 28. a3 Nc2 29. Ne4 Nxa1 30. Nxd2 Rb8 31. g3 g6 32. a4 a6 33. Ne4 b5
34. cxb5 axb5 35. axb5 Rxb5 36. Nd6 Rb1+ 37. Kg2 f5 1/2-1/2

[Event "USV Potsdam-SC Vaterstetten"]
[Site "?"]
[Date "2007.12.30"]
[Round "7.3"]
[White "Xiong, Ferdinand"]
[Black "Cech, Tim"]
[Result "1-0"]
[WhiteElo "1489"]
[BlackElo "1218"]
[PlyCount "69"]
[EventDate "2007.??.??"]

1. e4 c6 2. d4 d5 3. e5 c5 4. c3 e6 5. Na3 Nc6 6. Nc2 Nge7 7. b4 b6 8. Nf3 Nf5
9. Ba3 c4 10. b5 Bxa3 11. Nxa3 Nce7 12. Be2 O-O 13. O-O Bd7 14. Qd2 Ng6 15.
Rfb1 Re8 16. Nc2 Qe7 17. Ne3 Nxe3 18. Qxe3 f6 19. a4 fxe5 20. Nxe5 Nxe5 21.
Qxe5 Qf6 22. f4 Qxe5 23. fxe5 Rf8 24. a5 g6 25. g3 Kg7 26. Kg2 Rf5 27. axb6 Rf7
28. bxa7 Be8 29. b6 Bc6 30. Bg4 Re7 31. Bxe6 Rxe6 32. b7 Bxb7 33. Rxb7+ Kf8 34.
Rxh7 Re7 35. Rh8+ 1-0

[Event "SK Ettlingen-SF Brackel Dortmund"]
[Site "?"]
[Date "2007.12.30"]
[Round "7.4"]
[White "Kupferschmid, Gernot"]
[Black "Birnkraut, Tim"]
[Result "1-0"]
[WhiteElo "1204"]
[BlackElo "1007"]
[PlyCount "115"]
[EventDate "2007.??.??"]

1. e4 e5 2. Nf3 Nc6 3. Bc4 Bc5 4. c3 Nf6 5. d4 exd4 6. cxd4 Bb4+ 7. Bd2 Bxd2+
8. Nbxd2 d5 9. exd5 Nxd5 10. O-O O-O 11. Ne5 Nxe5 12. dxe5 Re8 13. Nf3 c6 14.
Qb3 b5 15. Bd3 Bg4 16. Rfe1 Bxf3 17. gxf3 Qg5+ 18. Kf1 Nf4 19. Re4 Qg2+ 20. Ke1
Qg1+ 21. Bf1 Ng2+ 22. Kd2 Qxh2 23. e6 Re7 24. exf7+ Rxf7 25. Bxg2 Qxg2 26. Ke2
Rd8 27. Re7 Rdf8 28. Rxf7 Rxf7 29. Rd1 Qg5 30. Rd7 Qe5+ 31. Kf1 Qe8 32. Rxa7
Kf8 33. Qb4+ Kg8 34. Qb3 Kf8 35. Qa3+ Re7 36. Qc5 Kf7 37. Rxe7+ Qxe7 38. Qxc6
h5 39. Qxb5 g6 40. a4 h4 41. a5 h3 42. Qd5+ Kf8 43. a6 Qh7 44. Qb7 Qg7 45. Qc8+
Kf7 46. Qxh3 Kf6 47. Qh4+ Kf5 48. Qe4+ Kg5 49. Qg4+ Kf6 50. Qd4+ Kf7 51. Qxg7+
Kxg7 52. a7 Kh6 53. a8=Q Kh5 54. Kg2 Kg5 55. Kg3 Kh5 56. Kf4 g5+ 57. Kf5 Kh4
58. Qh8# 1-0

[Event "SV Empor Erfurt-SG Porz 47"]
[Site "?"]
[Date "2007.12.30"]
[Round "7.2"]
[White "Lorenz, Erik"]
[Black "Padva, Leo"]
[Result "1-0"]
[WhiteElo "1314"]
[BlackElo "1395"]
[PlyCount "97"]
[EventDate "2007.??.??"]

1. e4 e5 2. Nf3 Nc6 3. Bc4 Bc5 4. c3 Nf6 5. d3 h6 6. Nbd2 d6 7. Nf1 Be6 8. Bb3
O-O 9. h3 Ne7 10. g4 g5 11. Ng3 Ng6 12. Nf5 Bxf5 13. gxf5 Nf4 14. Bxf4 exf4 15.
h4 g4 16. Rg1 Kh7 17. Nh2 h5 18. Qd2 f3 19. O-O-O Qe7 20. Nf1 a5 21. a3 c6 22.
Ng3 Rg8 23. Rgf1 b5 24. Rde1 Rab8 25. d4 Ba7 26. e5 dxe5 27. Rxe5 Qd7 28. Bc2
Rg7 29. Nxh5 Nxh5 30. f6+ Kg8 31. fxg7 Nxg7 32. Qh6 f5 33. Qg6 Qf7 34. Qxf7+
Kxf7 35. Bxf5 Nxf5 36. Rxf5+ Kg6 37. Rg5+ Kh6 38. Re1 Rc8 39. Re6+ Kh7 40. Re7+
Kh8 41. Rxa7 Re8 42. Re5 Rf8 43. Rh5+ Kg8 44. Rg5+ Kh8 45. Rxg4 Re8 46. Rf4
Re1+ 47. Kc2 Re2+ 48. Kb3 Rxf2 49. Rf8# 1-0

[Event "SV Stuttgart-Wolfbusch-LSV Turm Lippsta"]
[Site "?"]
[Date "2007.12.30"]
[Round "7.3"]
[White "Scheer, Maximilian"]
[Black "Riasanow, Nikita"]
[Result "1-0"]
[WhiteElo "1223"]
[BlackElo "1252"]
[PlyCount "41"]
[EventDate "2007.??.??"]

1. e4 e6 2. d3 d5 3. Nd2 Nf6 4. Qe2 c6 5. g3 Be7 6. Bg2 O-O 7. Ngf3 Nbd7 8. e5
Ne8 9. O-O f6 10. d4 c5 11. c3 Rb8 12. Re1 c4 13. Nf1 b5 14. Bf4 Ra8 15. h4 h6
16. Bh3 fxe5 17. Bxe6+ Kh8 18. Bxe5 Nxe5 19. Nxe5 Rf6 20. Nf7+ Rxf7 21. Bxf7
1-0

[Event "SF Baiertal-Schatthausen-Wilhelmshavene"]
[Site "?"]
[Date "2007.12.30"]
[Round "7.1"]
[White "Heermann, Kai"]
[Black "Herbst, Matthew"]
[Result "1/2-1/2"]
[WhiteElo "1379"]
[BlackElo "1153"]
[PlyCount "40"]
[EventDate "2007.??.??"]

1. d4 d5 2. c4 e6 3. Nc3 Nf6 4. Nf3 c6 5. Bf4 Nbd7 6. e3 Be7 7. Bd3 O-O 8. Qc2
Re8 9. O-O Nf8 10. cxd5 exd5 11. e4 dxe4 12. Nxe4 Nd5 13. Bg3 Bg4 14. Ned2 Bf6
15. a3 Qb6 16. Nc4 Qd8 17. Nfe5 Bxe5 18. Nxe5 Ng6 19. Rfe1 Qg5 20. Bxg6 hxg6
1/2-1/2

[Event "SF Baiertal-Schatthausen-Wilhelmshavene"]
[Site "?"]
[Date "2007.12.30"]
[Round "7.3"]
[White "Hellwig, Immo"]
[Black "Herbst, Timothy"]
[Result "1-0"]
[WhiteElo "1084"]
[BlackElo "1103"]
[PlyCount "77"]
[EventDate "2007.??.??"]

1. e4 c5 2. Nf3 d6 3. d4 cxd4 4. Nxd4 Nf6 5. Nc3 g6 6. Be3 Bg7 7. f3 O-O 8. Qd2
Nc6 9. O-O-O Nxd4 10. Bxd4 Be6 11. Kb1 a5 12. h4 a4 13. h5 a3 14. b3 Qe8 15.
hxg6 fxg6 16. g4 Bd7 17. Qh2 h6 18. Bd3 Kf7 19. e5 dxe5 20. Bxe5 Rh8 21. Rde1
Qc8 22. Bc4+ Be6 23. Bxe6+ Qxe6 24. Bd4 Qd7 25. Qe5 Qd6 26. Qe3 Rae8 27. Bc5
Qd7 28. Re2 Bf8 29. g5 Nh7 30. Rxh6 Bxh6 31. gxh6 Nf6 32. Re1 Rh7 33. Ne4 Qc6
34. Ng5+ Kf8 35. Nxh7+ Nxh7 36. Qd4 Kf7 37. Qf4+ Qf6 38. Qc4+ Qe6 39. Qxe6+ 1-0

[Event "SV Unterkochen-SV Empor Berlin"]
[Site "?"]
[Date "2007.12.30"]
[Round "7.3"]
[White "Schmid, Floyd"]
[Black "Degünther, Julius"]
[Result "1-0"]
[WhiteElo "1073"]
[BlackElo "976"]
[PlyCount "37"]
[EventDate "2007.??.??"]

1. e4 e5 2. Nf3 Nc6 3. Bc4 Bc5 4. c3 Nf6 5. d4 exd4 6. cxd4 Bb4+ 7. Nc3 Nxe4 8.
O-O Bxc3 9. d5 Bf6 10. Re1 Ne7 11. Rxe4 d6 12. Bg5 Bxg5 13. Nxg5 h6 14. Nxf7
Kxf7 15. Qf3+ Kg8 16. Rae1 Kh7 17. Rxe7 Bd7 18. Bd3+ Kg8 19. Qf7# 1-0

[Event "Weisse Dame Hamburg-SK Gründau"]
[Site "?"]
[Date "2007.12.30"]
[Round "7.3"]
[White "Zahn, Fabian"]
[Black "Schaeffer, Philipp"]
[Result "0-1"]
[WhiteElo "957"]
[BlackElo "1234"]
[PlyCount "110"]
[EventDate "2007.??.??"]
[WhiteTeam "SK Gründau"]
[BlackTeam "Weisse Dame Hamburg"]

1. e4 c5 2. Nf3 d6 3. Nc3 Nf6 4. a3 Bd7 5. e5 dxe5 6. Nxe5 Qc7 7. Nxd7 Nbxd7 8.
Be2 e6 9. O-O Bd6 10. g3 a6 11. b4 cxb4 12. axb4 Bxb4 13. Nb5 Qc6 14. c3 Bc5
15. d4 Bb6 16. c4 O-O 17. c5 axb5 18. Rxa8 Rxa8 19. cxb6 Qxb6 20. Be3 Qa5 21.
Qb1 b4 22. Bd2 Nd5 23. Qc2 Nc3 24. Bd3 g6 25. Rc1 Rc8 26. Qb3 Nb6 27. Qb2 Nbd5
28. Ra1 Qb6 29. Bh6 Qxd4 30. Rd1 Qb6 31. Rc1 Qa5 32. Qb1 f5 33. Qb2 b5 34. Ra1
Qc7 35. Rc1 Qc6 36. Rd1 Ra8 37. Ra1 Rxa1+ 38. Qxa1 Kf7 39. Qa7+ Qc7 40. Qa8 Kf6
41. Qh8+ Ke7 42. Qxh7+ Kd6 43. Qxg6 Ne7 44. Qe8 Nc6 45. Qg6 Kd5 46. Qg5 Qe5 47.
Bg7 Qe1+ 48. Kg2 b3 49. Qe3 Qxe3 50. fxe3 b4 51. h4 b2 52. h5 b1=Q 53. Bxb1
Nxb1 54. h6 Ne7 55. Kf2 Ng6 {Zeit} 0-1